Time series analysis forecasting and control
Saved in:
| Main Author: | |
|---|---|
| Other Authors: | , |
| Format: | Book |
| Language: | English |
| Published: |
Hoboken
John Wiley & Sons
2008
|
| Edition: | 4th ed. |
| Series: | Wiley series in probability and statistics
|
| Subjects: | |
| Tags: |
No Tags, Be the first to tag this record!
|
MARC
| LEADER | 00000nam a2200000 4500 | ||
|---|---|---|---|
| 001 | 0143776 | ||
| 005 | 20240306140032.6 | ||
| 020 | |a 978-0-470-27284-8 | ||
| 041 | 0 | |a eng | |
| 044 | |a US | ||
| 245 | 1 | 0 | |a Time series analysis |b forecasting and control |c George E. P. Box, Gwilym M. Jenkins, Gregory C. Reinsel |
| 250 | |a 4th ed. | ||
| 264 | 1 | |a Hoboken |b John Wiley & Sons |c 2008 | |
| 300 | |a 746 s. | ||
| 490 | 1 | |a Wiley series in probability and statistics | |
| 830 | 0 | |a Wiley series in probability and statistics | |
| 610 | 2 | 0 | |a rady časové |
| 610 | 2 | 0 | |a teória pravdepodobnosti |
| 610 | 2 | 0 | |a kontrola |
| 610 | 2 | 0 | |a väzba spätná |
| 610 | 2 | 0 | |a modely matematické |
| 610 | 2 | 0 | |a modely stochastické |
| 610 | 2 | 0 | |a prognózovanie |
| 610 | 2 | 0 | |a modely lineárne |
| 610 | 2 | 0 | |a odhad štatistický |
| 610 | 2 | 0 | |a analýzy |
| 100 | 1 | |a Box, George E. P. | |
| 700 | 1 | |a Jenkins, Gwilym M. | |
| 700 | 1 | |a Reinsel, Gregory C. | |